Malayan Classicism : (Record no. 202839)

MARC details
000 -LEADER
fixed length control field 02780nam a2200313 i 4500
003 - CONTROL NUMBER IDENTIFIER
control field OSt
005 - DATE AND TIME OF LATEST TRANSACTION
control field 20260125123506.0
008 - FIXED-LENGTH DATA ELEMENTS--GENERAL INFORMATION
fixed length control field 260125s2023 nyuab erb 001 0 eng
020 ## - INTERNATIONAL STANDARD BOOK NUMBER
International Standard Book Number 9781350360389
Terms of availability RM 147.44
Qualifying information paperback
040 ## - CATALOGING SOURCE
Original cataloging agency PPAK
Language of cataloging eng
Transcribing agency PPAK
Description conventions rda
082 04 - DEWEY DECIMAL CLASSIFICATION NUMBER
Edition number 23
Classification number 722.8095951
090 00 - LOCALLY ASSIGNED LC-TYPE CALL NUMBER (OCLC); LOCAL CALL NUMBER (RLIN)
Classification number (OCLC) (R) ; Classification number, CALL (RLIN) (NR) 722.8095951
Feature heading SPE
Feature heading G
100 1# - MAIN ENTRY--PERSONAL NAME
Personal name Speechley, Soon-Tzu,
Relator term author.
245 10 - TITLE STATEMENT
Title Malayan Classicism :
Remainder of title From the Architecture of Empire to Asian Vernacular /
Statement of responsibility, etc. Soon-Tzu Speechley
264 #1 - PRODUCTION, PUBLICATION, DISTRIBUTION, MANUFACTURE, AND COPYRIGHT NOTICE
Place of production, publication, distribution, manufacture New York, NY :
Name of producer, publisher, distributor, manufacturer Bloomsbury Visual Arts,
Date of production, publication, distribution, manufacture, or copyright notice 2023
300 ## - PHYSICAL DESCRIPTION
Extent xiv, 233 pages :
Other physical details illustrations, maps ;
Dimensions 23 cm
336 ## - CONTENT TYPE
Content type term text
Source rdacontent
337 ## - MEDIA TYPE
Media type term unmediated
Source rdamedia
338 ## - CARRIER TYPE
Carrier type term volume
Source rdacarrier
504 ## - BIBLIOGRAPHY, ETC. NOTE
Bibliography, etc. note Includes bibliographical references and index.
505 ## - FORMATTED CONTENTS NOTE
Title Columns and capitals: colonial power and Malaya's capital cities --
-- Classical monuments for the modern sultan: royal patronage in the Johor Sultanate --
-- A classical education: schools in British Malaya --
-- Coarsened or cosmopolitan? re-reading Malaya's residential architecture --
-- Vestal versions: British Malaya's temples of commerce --
-- Decline and fall: the supreme court, empress place, and the Kallang aerodrome.
520 ## - SUMMARY, ETC.
Summary, etc. "Through a broad range of case studies spanning from imperial monuments to rural residences, Malayan Classicism puts forward a fundamentally new understanding of classical architecture in the Asian colonial context. Across Malaysia and Singapore, thousands of historic buildings are richly ornamented with motifs drawn from Ancient Greece and Rome - as plump volutes, lush acanthus leaves, and neat rows of dentils decorate mosques, palaces, government buildings and innumerable terraced shophouses. These classical details often jostle with ideas drawn from other architectural traditions across Asia in a style that is unique to the region. Presenting the first comprehensive account of what was, prior to World War II, Malaya's most widespread architectural style, Malayan Classicism explores how the classical architecture of the British Empire was transmitted, translated, and transformed in the hands of local builders and architects. Addressing a critical gap in the scholarship, this book charts the metamorphosis of an imperial language of power into a local vernacular style, and provides a new way of reading classical architecture in a post-colonial context that will be applicable throughout the Global South"--
Assigning source Provided by publisher
650 10 - SUBJECT ADDED ENTRY--TOPICAL TERM
Topical term or geographic name entry element Architecture
Geographic subdivision Malay Peninsula
General subdivision History
Topical term or geographic name entry element Classicism in architecture
Geographic subdivision Malay Peninsula
Topical term or geographic name entry element Architecture, Classical
General subdivision Influence
Topical term or geographic name entry element Imperialism and architecture
Geographic subdivision Malay Peninsula
655 #7 - INDEX TERM--GENRE/FORM
Genre/form data or focus term History
942 ## - ADDED ENTRY ELEMENTS (KOHA)
Source of classification or shelving scheme Dewey Decimal Classification
Koha item type Book
Holdings
Withdrawn Not for loan Current library Shelving location Date acquired Total Checkouts Full call number Barcode Date last seen Koha item type
    Perpustakaan Alor Setar Pinjaman Dewasa 07/04/2026   722.8095951 SPE A01909978 07/04/2026 Book